Statistics for MLB Top 100 All-Time: Triples

Click here to take the quiz!

General Stats

  • This quiz has been taken 240 times
  • The average score is 31 of 100

Answer Stats

#HitterTriples% Correct
2Ty Cobb295
92%
T71Babe Ruth136
76%
3Honus Wagner252
76%
T33Lou Gehrig163
75%
75Pete Rose135
73%
6Tris Speaker222
70%
26Shoeless Joe Jackson168
69%
T63Willie Mays141
69%
90Jimmie Foxx125
64%
T63Lou Brock141
64%
T71Mike Smith136
64%
T19Stan Musial177
64%
T56Willie Wilson147
64%
T78Joe DiMaggio131
63%
T33Nap Lajoie163
62%
T27Roberto Clemente166
60%
25Rogers Hornsby169
58%
62Cap Anson142
57%
T95Carl Crawford123
57%
1Sam Crawford309
57%
T88Robin Yount126
55%
70George Brett137
52%
10Paul Waner189
52%
12Eddie Collins187
50%
T33George Davis163
50%
T59Harry Davis145
50%
76Shano Collins133
50%
T66Willie Davis138
50%
T30George Sisler164
47%
14Sam Rice184
47%
T51Al Simmons149
43%
58Charlie Gehringer146
40%
T59Willie Keeler145
39%
T66Tom Brown138
38%
T23Zack Wheat172
38%
T66Frankie Frisch138
35%
13Ed Delahanty186
33%
7Fred Clarke220
33%
22Goose Goslin173
32%
T38Sam Thompson161
32%
T85Arky Vaughan128
31%
T49Harry Heilmann151
31%
T40Heinie Manush160
31%
9Joe Kelley191
30%
T19Rabbit Maranville177
29%
T30Pie Traynor164
27%
T85Earl Averill128
26%
T42Max Carey159
26%
8Dan Brouthers194
25%
4Jake Beckley244
25%
T91John Anderson124
25%
T78José Reyes131
24%
T51Jim O'Rourke149
23%
48Earle Combs154
22%
T40Harry Hooper160
22%
T15Jesse Burkett182
22%
T54Enos Slaughter148
21%
T49Jim Bottomley151
21%
5Roger Connor233
21%
11Bid McPhee189
20%
T78Brett Butler131
20%
T15Edd Roush182
19%
T45Kiki Cuyler157
19%
T91Steve Finley124
19%
61Bobby Wallace143
18%
18Buck Ewing178
18%
T38George Van Haltren161
17%
87Vada Pinson127
17%
T30Elmer Flick164
14%
T91Frank Schulte124
14%
21Harry Stovey176
14%
T83Oyster Burns129
14%
T23Tommy Leach172
14%
T95Larry Doyle123
13%
T27Sherry Magee166
13%
T56Bobby Veach147
12%
T15Ed Konetchy182
11%
T71Lave Cross136
11%
T99Mickey Vernon120
11%
T88Hardy Richardson126
10%
T45Jimmy Ryan157
10%
T42Joe Judge159
10%
98Billy Hoy121
9%
82Buddy Myer130
9%
T71Jimmy Sheckard136
9%
T54Wally Pipp148
9%
T33Bill Dahlen163
8%
T99Fred Pfeffer120
8%
T91Hal Chase124
8%
29Jake Daubert165
8%
37Mike Tiernan162
8%
44Ed McKean158
7%
T83Larry Gardner129
7%
T66Jimmy Williams138
6%
77George Wood132
5%
47Tommy Corcoran155
5%
T78Buck Freeman131
4%
T95Duke Farrell123
3%
65John Reilly139
3%
T51Kip Selbach149
3%

Score Distribution

Percentile by Number Answered

Percent of People with Each Score

Your Score History

You have not taken this quiz